000 01161ngm a22003610a 4500
001 PT15523
003 AR-LpoUNG
005 20210202000157.0
007 vd cvaizq
008 191001ss.f.||||ag |||||||||||||||||spa d
037 _c$8.33
040 _aAR-LpoUNG
_bspa
_cAR-LpoUNG
_eaacr
041 _aspa
044 _aag
082 0 _a982.03 681por
100 1 _aOngambide, Carlos
_edir.
245 1 0 _aPor qué me mataron :
_bcrónica del fusilamiento del Coronel Manuel Dorrego
260 _aBuenos Aires :
_bBlackman,
_cs.f..
300 _aVHS (50 min.) : son., col.
505 0 _aRelator: Lucía Gálvez ; guión: Bernardo Roitman ; música: Daniel Berardi, Luis María Sierra.
520 _aLa obra esta basada en las memorias del Gral. Aráoz de Lamadrid, y recorre la vida política de Manuel Dorrego y la crónica de su fusilamiento.
650 4 _aANALISIS HISTORICO
650 4 _aARGENTINA
650 4 _aASPECTOS POLITICOS
650 4 _aGUERRA CIVIL
650 4 _aHISTORIA
650 4 _aINTEGRACION POLITICA
650 4 _aPOLITICA NACIONAL
653 _aDOCUMENTALES
653 _aVIDEOS
905 _a15523
942 _cVIDEO
999 _c54253
_d54253